Reichskreise des HRR Karten-Quiz - Statistiken

Allgemein
  • Dieses Quiz wurde 3.383 mal gespielt
  • Das Durchschnittsergebnis liegt bei 8 aus 12
Antworten auf der Karte
Die Antworten werden auf der Karte rot bzw. grün angezeigt, abhängig davon wie oft sie richtig erraten wurden.
 
Antwortstatistiken
Antwort % Korrekt
Bayerischer Kreis
85%
Schweizer Eidgenossenschaft
85%
Österreichischer Kreis
83%
Länder der Böhmischen Krone
81%
Schwäbischer Kreis
74%
Niedersächsischer Kreis
69%
Fränkischer Kreis
67%
Obersächsischer Kreis
67%
Burgundischer Kreis
46%
Westfälischer Kreis
44%
Kurrheinischer Kreis
43%
Oberrheinischer Kreis
36%
Keine übereinstimmenden Quizze gefunden
Verteilung der Resultate
Anzahl Personen mit jedem Resultat
Perzentil nach korrekt beantworteten Fragen
Ihre Resultats-Entwicklung
Sie haben dieses Quiz noch nicht gespielt